| 000 | 00578nam a2200193Ia 4500 | ||
|---|---|---|---|
| 003 | OSt | ||
| 005 | 20220830090903.0 | ||
| 008 | 220830b |||||||| |||| 00| 0 eng d | ||
| 020 | _a0900791489 | ||
| 040 | _cIFM Library | ||
| 082 | _a332.6 | ||
| 100 |
_aMather, L.C. _92510 |
||
| 245 | _aThe Lending Banker: A Review of the Principles of Bank Lending Unsecured Advances and Balance Sheets and the Banker | ||
| 260 |
_aLondon: _bWaterlow _c1979 |
||
| 300 | _a284p.: ill.; 21cm | ||
| 500 | _aIncludes Index | ||
| 650 |
_aSecuritiesBanks and banking _95815 |
||
| 942 |
_cBK _2ddc _n0 |
||
| 999 |
_c6701 _d6701 |
||